| 000 | 00873nam a2200241 4500 | ||
|---|---|---|---|
| 001 | 173628 | ||
| 003 | ES-MaACL | ||
| 005 | 20231010135229.0 | ||
| 008 | 091216m188418 fr |||| | fre d | ||
| 080 | _a930.85(=982.1) | ||
| 100 | 1 |
_aMarmontel, Jean-François. _9129519 |
|
| 245 | 1 | 4 |
_aLes Incas _bou La Destruction de l'empire du Pérou / _cMarmontel. |
| 246 | 1 | 0 | _aDestruction de l'empire du Pérou |
| 260 |
_aParis : _bLibrairie de la Bibliothèque Nationale, _c1884. |
||
| 300 |
_a2 t. en 1 v. _a(191, 192 p.) ; _c14 cm. |
||
| 490 | 1 | _aBibliothèque Nationale | |
| 650 | 0 | 4 |
_aIncas- _xHistoria. _913646 |
| 651 | 4 |
_aPerú- _xHistoria- _yDescubrimiento y conquista, 1522-1548. _99226 |
|
| 830 | 0 |
_aBibliothèque Nationale _9223576 |
|
| 852 | 4 |
_aES-MaACL _jE-13038 _zBiblioteca Jacinto Martínez Lacalle _9180330 |
|
| 942 | _2udc | ||
| 999 |
_c173628 _d173628 |
||